Normal view
MARC view
- الازهر الشريف - تاريخ - المساجد - التعليم الديني الاسلامي - مصر
Entry Topical Term
001 - CONTROL NUMBER
- control field: 57076
003 - CONTROL NUMBER IDENTIFIER
- control field: JO-AjAnu
005 - DATE AND TIME OF LATEST TRANSACTION
- control field: 20230606083341.0
008 - FIXED-LENGTH DATA ELEMENTS
- fixed length control field: 230606|| aca||aabn | a|a d
040 ## - CATALOGING SOURCE
- Original cataloging agency: JO-AjAnu
- Transcribing agency: JO-AjAnu
150 ## - HEADING--TOPICAL TERM
- Topical term or geographic name entry element: الازهر الشريف - تاريخ - المساجد - التعليم الديني الاسلامي - مصر
670 ## - SOURCE DATA FOUND
- Source citation: Work cat.: (JO-AjAnu)29123: تاليف دودج، بيارد؛ ترجمة حسين فوزي النجار, author 57075, الأزهز في ألف عام